Statistics for Premier League Winning Managers

Click here to take the quiz!

General Stats

  • This quiz has been taken 77 times
  • The average score is 25 of 27

Answer Stats

YearManager% Correct
1992–93Alex Ferguson
100%
2006–07Alex Ferguson
100%
1995–96Alex Ferguson
100%
1996–97Alex Ferguson
100%
2012–13Alex Ferguson
100%
1998–99Alex Ferguson
100%
1999–2000Alex Ferguson
100%
2000–01Alex Ferguson
100%
2010–11Alex Ferguson
100%
2002–03Alex Ferguson
100%
2008–09Alex Ferguson
100%
2007–08Alex Ferguson
100%
1993–94Alex Ferguson
100%
2014–15José Mourinho
98%
2005–06José Mourinho
98%
2004–05José Mourinho
98%
2017–18Pep Guardiola
97%
2018–19Pep Guardiola
97%
2003–04Arsène Wenger
93%
2001–02Arsène Wenger
93%
1997–98Arsène Wenger
93%
2015–16Claudio Ranieri
93%
2016–17Antonio Conte
82%
2011–12Roberto Mancini
78%
2009–10Carlo Ancelotti
77%
2013–14Manuel Pellegrini
68%
1994–95Kenny Dalglish
57%

Score Distribution

Percentile by Number Answered

Percent of People with Each Score

Your Score History

You have not taken this quiz